Countries containing the letters S and T - Statistics

General Stats
  • This quiz has been taken 513 times
  • The average score is 22 of 31
Answer Stats
Answer % Correct
Afghanistan
90%
United States of America
90%
Australia
89%
Turkmenistan
89%
Uzbekistan
89%
Austria
88%
Pakistan
87%
South Korea
87%
St Kitts and Nevis
87%
South Africa
86%
St Vincent and the Grenadines
86%
St Lucia
85%
Tajikistan
85%
Kazakhstan
84%
South Sudan
82%
Kyrgyzstan
78%
Switzerland
78%
United Arab Emirates
77%
Estonia
72%
Sao Tome and Principe
70%
Netherlands
62%
Tunisia
61%
Botswana
60%
Costa Rica
60%
East Timor
57%
Lesotho
57%
Liechtenstein
57%
Mauritius
54%
Federated States of Micronesia
42%
Ivory Coast
27%
Palestine
16%
No matching quizzes found
Score Distribution
Percent of People with Each Score
Percentile by Number Answered
Your Score History
You have not taken this quiz